000 00447nam a2200157Ia 4500
999 _c18317
_d18317
003 OSt
005 20200606120055.0
008 190216s9999||||xx |||||||||||||| ||und||
040 _cMESKC library
082 _a780
_bSHA/S
100 _aSharma, Amal Dash
_9312
245 0 _aSangeetayan /
_cAmal Dash Sharma
260 _bArya Prakashan Mandal,
_aDelhi:
_c1984.
300 _a308p
942 _cBK
_2ddc
_h780
_iSHA/S
_k780
_mSHA/S